000 01066nac a22003257a 4500
001 BR8202056
003 BR-BrBNA
005 20240105115302.0
008 230509b bl.|||m| |||| 00| 0 por d
040 _aBR-BrBNA
_bpor
_cBiblioteca Nacional de Agricultura
072 _aE15; E70
090 _a9910 BR8202056
110 1 _aCooperativa Regional dos Cafeicultores de Guaxupe, MG (Brasil)
_92912
245 1 _aRelatorio 1980/1981 [Cooperativa Regional dos Cafeicultores de Guaxupe, cafe tratado, cooperativa mercantil, contabilidade, salario, Minas Gerais, Brasil]
260 3 _aGuaxupe, MG (Brasil):
_c1982.
300 _a20 p.
490 _aRelatorio - Cooperativa Regional dos Cafeicultores de Guaxupe (Brazil)
_v
_x
500 _a9 illus.
650 _aCAFE TRATADO
650 _aCAPITAL
650 _aSALARIO
650 _aCONTABILIDADE
650 _aVENDA
650 _aPRECO
650 _aCOOPERATIVA MERCANTIL
650 _aGUAXUPE
650 _aMINAS GERAIS
909 _a202312
_bLúcia Elande
_c55
_dLúcia Elande
942 _2AGRIS
_n0
_cMS
999 _c274078
_d274078